Top 15 des Personnages les Plus Forts de Demon Slayer - Statistiques

Statistiques générales
  • Ce quiz a été pris 122 fois
  • Le résultat moyen est 13 sur 17
Statistiques - réponses
Rank Réponse % Correct
12 Kamado Tanjiro
98%
2 Kibutsuji Muzan
97%
5 Akaza
90%
4 Douma
84%
7 Shinazugawa Sanemi
83%
6 Himejima Gyomei
82%
3 Kokushibo
82%
HM Rengoku Kyojuro
82%
9 Iguro Obanai
79%
15 Uzui Tengen
74%
8 Tomioka Giyu
73%
13 Kanroji Mitsuri
71%
10 Tokito Muichiro
70%
1 Tsugikuni Yoriichi
68%
14 Gyutaro
54%
11 Hantengu
50%
HM Gyokko
47%
Aucun quiz correspondant
Distribution des résultats
% des personnes avec chaque résultat
Percentile par nombre de réponses
Votre historique - résultats
Vous n’avez pas pris ce quiz